Estadísticas para Grupos Geográficos de Dos #1

Haz click aquí para tomar la prueba!

Estadísticas generales

  • Esta prueba ha sido tomada 2.558 veces
  • La puntuación promedio es 31 de 40

Estadísticas de respuestas

PistaRespuesta% Correcto
Los países que limitan con los EE. UU.Canadá
99%
Los países que limitan con los EE. UU.México
99%
Los países rodeados por ItaliaCiudad del Vaticano
97%
Los países rodeados por ItaliaSan Marino
95%
Los países que comienzan con "Z"Zambia
95%
Los países sudamericanos sin litoralBolivia
93%
Los países sudamericanos sin litoralParaguay
93%
Los países que comienzan con "Z"Zimbabue
93%
Los países fuera de América con español como idioma oficialEspaña
91%
Las montañas más altas de la TierraEverest
91%
Las capitales coreanasSeúl
91%
Los países insulares del MediterráneoMalta
89%
Los países asiáticos que comienzan con "L"Laos
88%
Los países insulares del MediterráneoChipre
87%
Los mares que limitan con EgiptoMediterráneo
87%
Los idiomas oficiales de MarruecosÁrabe
86%
Los países africanos que limitan con solo un paísLesoto
84%
Los países de Nueva GuineaPapúa Nueva Guinea
84%
Los países fuera de América con español como idioma oficialGuinea Ecuatorial
82%
Los estados de EE. UU. no contiguosAlaska
81%
Los mares que limitan con EgiptoRojo
81%
Las islas más grandes de ItaliaSicilia
81%
Los estados de EE. UU. no contiguosHawái
79%
Los países de La EspañolaHaití
75%
Las capitales coreanasPionyang
75%
Los países de La EspañolaRepública Dominicana
75%
Los países que comienzan con "A" pero no terminan con "A"Azerbaiyán
73%
Los países que comienzan con "A" pero no terminan con "A"Afganistán
72%
Los países de Nueva GuineaIndonesia
72%
Las penínsulas más grandes de MéxicoYucatán
71%
Los países asiáticos que comienzan con "L"Líbano
69%
Las islas más grandes de ItaliaCerdeña
67%
Los países africanos que limitan con solo un paísGambia
64%
Los ríos más largos del Reino UnidoTámesis
63%
Los ríos principales de MesopotamiaÉufrates
60%
Los ríos principales de MesopotamiaTigris
58%
Las montañas más altas de la TierraK2
57%
Las penínsulas más grandes de MéxicoBaja California
49%
Los idiomas oficiales de MarruecosBereber
36%
Los ríos más largos del Reino UnidoSevern
16%

Distribución de puntuación

Porcentaje por número respondido

Porcentaje de gente con cada puntuación

Historial de tus puntuaciones

No has tomado esta prueba